| 000 | 00638nam a22002057a 4500 | ||
|---|---|---|---|
| 003 | 0 | ||
| 005 | 20250211123143.0 | ||
| 008 | 230831b xxu||||| |||| 00| 0 eng d | ||
| 020 | _a978-981-3137-462 | ||
| 050 |
_aRT 41 _b.B47 2022 |
||
| 100 | _aBerman, Audrey | ||
| 245 |
_aKozier & Erb's fundamentals of nursing : _bconcepts, process, and practice _cAudrey Breman |
||
| 250 | _aEleventh edition | ||
| 260 |
_aSingapore _bPearson Education South Asia Pte Ltd _cc2022 |
||
| 300 |
_a755 pages : _bb&w, ill. ; _c28cm. |
||
| 500 | _aNursing. | ||
| 504 | _aIncludes bibliographical references. | ||
| 650 | _aNursing. | ||
| 942 |
_2lcc _cBK |
||
| 999 |
_c365239 _d365239 |
||